Crónica de la orden franciscana en la conquista del Perú, Paraguay y el Tucumán y su convento del antiguo Buenos Aires 1212-1800

Saved in:
Bibliografiske detaljer
Hovedforfatter: Millé, Andrés (autor)
Format: Bog
Sprog:spansk
Udgivet: Buenos Aires Emecé 1961
Fag:
Tags: Tilføj Tag
Ingen Tags, Vær først til at tagge denne postø!

MARC

LEADER 00000nam a2200000 a 4500
001 UCV8983
003 CL-VaPUC
008 920331e19610000AG |||||||||||||||||spa|d
082 0 4 |a 255.3  |b MIL  |2 21 
100 |a Millé, Andrés  |e autor  |9 476478 
245 1 0 |a Crónica de la orden franciscana en la conquista del Perú, Paraguay y el Tucumán y su convento del antiguo Buenos Aires 1212-1800 
300 |a 501 p 
942 |c BK 
945 |d 19920331 00:00:00 
260 |a Buenos Aires  |b Emecé  |c 1961 
650 0 |a Franciscanos   |9 267404 
650 0 |a Órdenes religiosas  |9 257499 
583 |a last modification  |c 19920331 00:00:00  |k Rodrigo Vera 
999 |c 214387  |d 214385 
952 |0 0  |1 0  |4 0  |6 255_300000000000000_MIL_1961  |7 0  |8 P  |9 197693  |a BIBARQ  |b BIBARQ  |d 2019-11-14  |i 2653567  |o 255.3 MIL 1961  |p 2653567  |r 2025-01-20  |w 2019-11-14  |y BK  |k ARQ